书目信息 |
| 题名: |
高速公路
|
|
| 作者: | 廖明军 , 王凯英 主编 | |
| 分册: | ||
| 出版信息: | 北京 中国质检出版社 2013.10 |
|
| 页数: | 283页 | |
| 开本: | 26cm | |
| 丛书名: | ||
| 单 册: | ||
| 中图分类: | U412.36 | |
| 科图分类: | ||
| 主题词: | 高速公路--gao su gong lu--高等学校--教材 | |
| 电子资源: | ||
| ISBN: | 978-7-5026-3842-9 | |
| 000 | 00999nam0 2200277 450 | |
| 001 | CAL 006322897 | |
| 005 | 20150826174240.85 | |
| 010 | @a978-7-5026-3842-9@dCNY39.00 | |
| 100 | @a20131204d2013 em y0chiy50 ea | |
| 101 | 0 | @achi |
| 102 | @aCN@b110000 | |
| 105 | @aak a 000yy | |
| 106 | @ar | |
| 200 | 1 | @a高速公路@Agao su gong lu@f廖明军, 王凯英主编 |
| 210 | @a北京@c中国质检出版社@c中国标准出版社@d2013.10 | |
| 215 | @a283页@c图@d26cm | |
| 320 | @a有书目 (第282-283页) | |
| 330 | @a本书系统介绍了高速公路基本概念, 高速公路规划和选线的一些基本原理和方法, 高速公路平纵横设计要点, 组合、立体交叉设计, 高速公路沿线设施, 高速公路景观设计, 高速公路环境保护设计以及高速公路交通安全等方面的知识。 | |
| 333 | @a21世纪高等学校规划教材 | |
| 586 | @a | |
| 606 | 0 | @a高速公路@Agao su gong lu@x高等学校@j教材 |
| 690 | @aU412.36@v5 | |
| 701 | 0 | @a廖明军@Aliao ming jun@4主编 |
| 701 | 0 | @a王凯英@Awang kai ying@4主编 |
| 801 | 0 | @aCN@c20150820 |
| 905 | @a河南城建学院图书馆@dU412.36@eL469@f3 | |
| 高速公路/廖明军, 王凯英主编.-北京:中国质检出版社:中国标准出版社,2013.10 |
| 283页:图;26cm |
| 使用对象:21世纪高等学校规划教材 |
| ISBN 978-7-5026-3842-9:CNY39.00 |
| 本书系统介绍了高速公路基本概念, 高速公路规划和选线的一些基本原理和方法, 高速公路平纵横设计要点, 组合、立体交叉设计, 高速公路沿线设施, 高速公路景观设计, 高速公路环境保护设计以及高速公路交通安全等方面的知识。 |
| ● |
| 相关链接 |
|
|
|
正题名:高速公路
索取号:U412.36/L469
 
预约/预借
| 序号 | 登录号 | 条形码 | 馆藏地/架位号 | 状态 | 备注 |
| 1 | 1233730 | 212337309 | 自科库501/501自科库 51排5列1层/ [索取号:U412.36/L469] | 在馆 | |
| 2 | 1233731 | 212337318 | 自科二线504/504自科库 39排1列6层/ [索取号:U412.36/L469] | 在馆 | |
| 3 | 1233732 | 212337327 | 自科库501/501自科库 51排5列1层/ [索取号:U412.36/L469] | 在馆 |